Revolución en el Brasil: política y sociedad de Vargas a Goulart 1930-1964
保存先:
| 第一著者: | |
|---|---|
| フォーマット: | 図書 |
| 言語: | スペイン語 |
| 出版事項: |
Ciudad de México
Fondo de Cultura Económica
1966
|
| シリーズ: | Popular, 77
|
| 主題: | |
| タグ: |
タグ追加
タグなし, このレコードへの初めてのタグを付けませんか!
|
MARC
| LEADER | 00000nam a2200000 a 4500 | ||
|---|---|---|---|
| 001 | UCW8370 | ||
| 003 | CL-VaPUC | ||
| 008 | 880812e19660000MX |||||||||||||||||spa|d | ||
| 082 | 0 | 4 | |a 981.061 |b HOR |2 21 |
| 100 | |a Horowitz, Irving Louis |e author |9 548049 | ||
| 245 | 1 | 0 | |a Revolución en el Brasil: política y sociedad de Vargas a Goulart 1930-1964 |
| 300 | |a 254 p | ||
| 942 | |c BK | ||
| 945 | |d 19880812 00:00:00 | ||
| 260 | |a Ciudad de México |b Fondo de Cultura Económica |c 1966 | ||
| 650 | 0 | |a Historia |9 255047 | |
| 651 | 0 | |a Brasil |9 267393 | |
| 583 | |a last modification |c 19880812 00:00:00 |k Rodrigo Vera | ||
| 490 | 0 | |a Popular, 77 | |
| 999 | |c 220762 |d 220760 | ||
| 952 | |0 0 |1 0 |4 0 |6 981_061000000000000_HOR_1966 |7 0 |8 A |9 213345 |a BIBHIS |b BIBHIS |d 2019-11-15 |i 2817179 |l 1 |m 2 |o 981.061 HOR 1966 |p 2817179 |r 2025-01-20 |s 2024-06-19 |w 2019-11-15 |y BK |k HIS | ||
| 952 | |0 0 |1 0 |4 0 |6 981_061000000000000_HOR_1966 |7 0 |8 A |9 213346 |a BIBHIS |b BIBHIS |d 2019-11-15 |i 4416635 |l 2 |m 1 |o 981.061 HOR 1966 |p 4416635 |r 2025-01-20 |s 2024-06-25 |w 2019-11-15 |y BK |k HIS | ||